[Event "VII Festival A"]
[Site "Amantea ITA"]
[Date "2009.09.01"]
[Round "3"]
[White "Schacher, Gerd"]
[Black "Gromovs, Sergejs"]
[Result "1/2-1/2"]
[WhiteElo "2318"]
[BlackElo "2339"]
[PlyCount "93"]
[EventDate "2009.08.31"]

1. Nf3 h6 2. c4 g5 3. g3 Bg7 4. Bg2 e6 5. d4 d6 6. h4 g4 7. Nfd2 h5 8. Ne4 Nc6
9. d5 exd5 10. cxd5 Ne5 11. Nbc3 Bd7 12. Qb3 b6 13. a4 a6 14. Qc2 Nh6 15. Bg5
f6 16. Bxh6 Bxh6 17. Nd2 f5 18. e3 O-O 19. Ne2 Rc8 20. Nf4 Qe8 21. O-O Qf7 22.
Rac1 c5 23. dxc6 Bxc6 24. Qxc6 Rxc6 25. Bd5 Rfc8 26. Nb3 Nf3+ 27. Kg2 Bg7 28.
Rxc6 Rxc6 29. Rd1 Bxb2 30. Nxh5 Be5 31. Nf4 Rc4 32. a5 Rb4 33. Nd2 Nxd2 34.
Rxd2 bxa5 35. Bxf7+ Kxf7 36. Nd3 Bc3 37. Rc2 Rb3 38. Nc1 Ra3 39. Ne2 Be5 40.
Rc6 Ra2 41. Nd4 Bxd4 42. exd4 Ke6 43. Rxa6 Ra4 44. h5 Rxd4 45. Rxa5 Rb4 46. Ra7
Rb8 47. h6 1/2-1/2

[Event "VII Festival A"]
[Site "Amantea ITA"]
[Date "2009.09.01"]
[Round "3"]
[White "Schiappoli, Dario"]
[Black "Bodenschatz, Josef"]
[Result "1-0"]
[WhiteElo "1982"]
[BlackElo "2038"]
[PlyCount "71"]
[EventDate "2009.08.31"]

1. e4 c6 2. d4 d5 3. Nd2 dxe4 4. Nxe4 Nf6 5. Ng3 h5 6. h3 h4 7. N3e2 Bf5 8. Nf3
Ne4 9. g4 hxg3 10. Nxg3 Nxg3 11. fxg3 e6 12. Bd3 Bd6 13. Bf4 Bxf4 14. gxf4 Bg4
15. Qe2 Bxf3 16. Qxf3 Qxd4 17. O-O-O Nd7 18. Ba6 Qb4 19. a3 Qb6 20. Bc4 O-O-O
21. Rhe1 g6 22. Re2 Qc5 23. Qc3 Qe7 24. b4 Nb6 25. Bd3 Rxh3 26. b5 Kb8 27. bxc6
bxc6 28. Red2 Qc7 29. Qb4 Rhh8 30. a4 Qb7 31. Qe4 Rd5 32. c4 Rxd3 33. Rxd3 Nxa4
34. Qe5+ Qc7 35. Qxh8+ Kb7 36. Rd7 1-0

[Event "VII Festival A"]
[Site "Amantea ITA"]
[Date "2009.09.01"]
[Round "3"]
[White "Scotti, Umberto"]
[Black "Fox, Pierre"]
[Result "1-0"]
[WhiteElo "2176"]
[BlackElo "1796"]
[PlyCount "71"]
[EventDate "2009.08.31"]

1. d4 d5 2. Nf3 Nf6 3. Bf4 c5 4. e3 Nc6 5. c3 Qb6 6. Na3 a6 7. Qb3 Qa7 8. Be2
Bf5 9. O-O c4 10. Qd1 Qb6 11. Qc1 h6 12. Ne5 Nxe5 13. Bxe5 Ng4 14. e4 Nxe5 15.
exf5 Nd7 16. Bf3 Nf6 17. b3 Rc8 18. bxc4 dxc4 19. Rb1 Qa5 20. Bxb7 e6 21. Bxc8
Bxa3 22. Qf4 O-O 23. Bb7 exf5 24. Qf3 Bd6 25. Rfe1 Ne4 26. Bxe4 fxe4 27. Qxe4
Qxc3 28. Rbc1 Qb4 29. Qc6 Qb8 30. g3 Bb4 31. Red1 Rc8 32. Qxa6 c3 33. a3 c2 34.
Rd3 Ba5 35. Rb3 Qc7 36. Qd3 1-0

[Event "VII Festival A"]
[Site "Amantea ITA"]
[Date "2009.09.01"]
[Round "3"]
[White "Van Asseldonk, Paul"]
[Black "Bentivegna, Francesco"]
[Result "0-1"]
[WhiteElo "2107"]
[BlackElo "2324"]
[PlyCount "98"]
[EventDate "2009.08.31"]

1. e4 c5 2. Nf3 Nc6 3. d4 cxd4 4. Nxd4 e5 5. Nb5 d6 6. c4 a6 7. N5c3 Nf6 8. Na3
Be7 9. Nc2 O-O 10. Be2 Be6 11. Be3 Rc8 12. O-O Na5 13. b3 b5 14. Nd5 Bxd5 15.
exd5 bxc4 16. b4 Nb7 17. Na3 a5 18. Nxc4 axb4 19. f3 e4 20. Rb1 exf3 21. gxf3
Nc5 22. Rxb4 Ra8 23. a4 Nfd7 24. a5 Bg5 25. f4 Bf6 26. Qc2 Qe7 27. Bf3 Rxa5 28.
Nxa5 Qxe3+ 29. Kh1 Re8 30. Nc6 Nd3 31. Rbb1 N7c5 32. Rbd1 g6 33. f5 g5 34. Qd2
Kg7 35. Bg2 h5 36. Qxe3 Rxe3 37. h3 g4 38. hxg4 hxg4 39. Rd2 Kh6 40. Kg1 Kg5
41. Ra2 Nf4 42. Ra7 Ncd3 43. Rd1 Rg3 44. Ra2 Nb2 45. Rd2 Nc4 46. Kh2 Re3 47.
Rdc2 g3+ 48. Kg1 Re1+ 49. Bf1 Ne3 0-1

[Event "VII Festival A"]
[Site "Amantea ITA"]
[Date "2009.09.01"]
[Round "3"]
[White "Voiska, Margarita"]
[Black "Caizzone, Vito"]
[Result "1-0"]
[WhiteElo "2332"]
[BlackElo "2062"]
[PlyCount "59"]
[EventDate "2009.08.31"]

1. d4 Nf6 2. Nf3 b6 3. e3 Bb7 4. Bd3 e6 5. c4 Be7 6. Nc3 d5 7. O-O O-O 8. b3
Nbd7 9. Bb2 Ne4 10. Rc1 a6 11. Qc2 f5 12. Ne2 Bd6 13. Ne5 Rf6 14. f3 Rh6 15.
cxd5 exd5 16. fxe4 fxe4 17. Bxe4 Nxe5 18. dxe5 Bc5 19. Bxh7+ Rxh7 20. Bd4 Qe7
21. Nf4 Re8 22. Ng6 Qg5 23. Rf3 Rh6 24. Rg3 Qh5 25. h3 Rc8 26. Bxc5 bxc5 27.
Ne7+ Kh8 28. Nxc8 Bxc8 29. Qxc5 Bf5 30. Qf8+ 1-0

[Event "VII Festival A"]
[Site "Amantea ITA"]
[Date "2009.09.03"]
[Round "4"]
[White "Abatino, Maurizio"]
[Black "Schrott, Ernst"]
[Result "1-0"]
[WhiteElo "2163"]
[BlackElo "2059"]
[PlyCount "57"]
[EventDate "2009.08.31"]

1. d4 Nf6 2. c4 c5 3. d5 b5 4. cxb5 a6 5. Nc3 axb5 6. e4 b4 7. Nb5 d6 8. Bf4 g5
9. Bxg5 Nxe4 10. Bf4 Bg7 11. Qe2 Nf6 12. Nxd6+ Kf8 13. Nxc8 Qxc8 14. d6 exd6
15. Bxd6+ Kg8 16. Nf3 Nc6 17. g3 b3 18. Bg2 Nb4 19. O-O Nc2 20. Rac1 Rxa2 21.
Be5 Ra4 22. Rfd1 Ng4 23. Bh3 Qe8 24. Bxg4 Rxg4 25. Qa6 Bxe5 26. Nxe5 Ra4 27.
Qd6 c4 28. Nd7 Qe6 29. Qf8# 1-0

[Event "VII Festival A"]
[Site "Amantea ITA"]
[Date "2009.09.03"]
[Round "4"]
[White "Bentivegna, Francesco"]
[Black "Collutiis, Duilio"]
[Result "1/2-1/2"]
[WhiteElo "2324"]
[BlackElo "2449"]
[PlyCount "100"]
[EventDate "2009.08.31"]

1. e4 c5 2. c3 d5 3. exd5 Qxd5 4. d4 Nf6 5. Nf3 cxd4 6. cxd4 g6 7. Nc3 Qd8 8.
Bc4 Bg7 9. O-O O-O 10. Re1 a6 11. Bb3 b5 12. Qe2 Bb7 13. Bg5 Nc6 14. Rad1 b4
15. Ne4 Na5 16. Bc2 Bd5 17. Nc5 Nc6 18. Ne5 Qc8 19. Nxc6 Bxc6 20. Bb3 Nd5 21.
Qd2 Re8 22. h3 a5 23. Rc1 Qf5 24. Ne6 Bb7 25. Bc2 Qxe6 26. Rxe6 fxe6 27. Re1
Ra6 28. h4 Nf6 29. Bf4 Bd5 30. Bd3 Raa8 31. b3 Rec8 32. Be5 Rc3 33. h5 Nxh5 34.
Bxg7 Nxg7 35. Be4 Rd8 36. Qg5 Rc7 37. Qe5 Rc3 38. Bxd5 Rxd5 39. Qb8+ Kf7 40.
Qf4+ Rf5 41. Qe4 h5 42. g3 g5 43. Re3 Rc1+ 44. Kg2 g4 45. Re2 Rc3 46. Re3 Rxe3
47. fxe3 Rf3 48. d5 Nf5 49. Qxe6+ Kf8 50. e4 Ne3+ 1/2-1/2

[Event "VII Festival A"]
[Site "Amantea ITA"]
[Date "2009.09.02"]
[Round "4"]
[White "Bodenschatz, Josef"]
[Black "De Rosa, Mariagrazia"]
[Result "0-1"]
[WhiteElo "2038"]
[BlackElo "2124"]
[PlyCount "82"]
[EventDate "2009.08.31"]

1. e4 c5 2. Nc3 a6 3. f4 Nc6 4. Nf3 g6 5. d3 Bg7 6. g3 e6 7. Bg2 Nge7 8. O-O d5
9. exd5 exd5 10. Re1 O-O 11. Bd2 b5 12. Rb1 h6 13. a3 Bg4 14. h3 Be6 15. Kh2
Qd6 16. Ne2 d4 17. Ne5 Rad8 18. Nxc6 Nxc6 19. Ng1 Rfe8 20. Qf3 Ne7 21. Qf2 Nf5
22. Nf3 Rc8 23. Ne5 c4 24. dxc4 bxc4 25. Bb4 Qc7 26. Bf3 a5 27. Bd2 Qc5 28. g4
Ne7 29. Bb7 Rb8 30. Bg2 Qd6 31. Kh1 Nd5 32. Nxc4 Qc7 33. b3 a4 34. Bb4 Nxb4 35.
axb4 Rxb4 36. Qd2 Reb8 37. Na3 axb3 38. cxb3 Rxb3 39. Rxb3 Rxb3 40. Nb1 Qb8 41.
Be4 Rxh3+ 0-1

[Event "VII Festival A"]
[Site "Amantea ITA"]
[Date "2009.09.03"]
[Round "4"]
[White "Caizzone, Vito"]
[Black "Furnari, Franco"]
[Result "1-0"]
[WhiteElo "2062"]
[BlackElo "1929"]
[PlyCount "161"]
[EventDate "2009.08.31"]

1. e4 e5 2. Nf3 Nc6 3. Bc4 Bc5 4. c3 Nf6 5. Qe2 d6 6. d3 h6 7. O-O O-O 8. Re1
Be6 9. Bb5 Bg4 10. Nbd2 Ne7 11. Nf1 c6 12. Ba4 Re8 13. h3 Bxf3 14. Qxf3 Ng6 15.
Ne3 Nh4 16. Qg3 Nh5 17. Qg4 Qg5 18. Nf5 Qxg4 19. hxg4 Nxf5 20. gxh5 Ne7 21. Bb3
Rf8 22. g3 Kh8 23. g4 g5 24. Kg2 Kg7 25. Bd2 Bb6 26. Rad1 Rad8 27. Bc1 Ng8 28.
d4 Nf6 29. f3 Nd7 30. Be3 Rfe8 31. Bf2 Nf8 32. Rd2 Rd7 33. Red1 Red8 34. Ba4
exd4 35. cxd4 d5 36. e5 Ne6 37. a3 Re7 38. b4 Rc8 39. Bc2 a5 40. Bf5 axb4 41.
axb4 Ra8 42. Bxe6 fxe6 43. Be3 Rf7 44. Rf1 Ra3 45. Re2 Rd3 46. f4 gxf4 47. Bxf4
Kh7 48. Re3 Rxd4 49. Ref3 Rxb4 50. Kh3 Bd8 51. Bd2 Rxf3+ 52. Rxf3 Rb2 53. Bc1
Rb1 54. Ba3 Bg5 55. Be7 Re1 56. Bxg5 hxg5 57. Rf7+ Kg8 58. Rxb7 c5 59. Rc7 c4
60. Rc8+ Kg7 61. Kg3 Rxe5 62. Kf3 Re1 63. Rc5 Kf6 64. Rc8 Rh1 65. Kg2 Rh4 66.
Kg3 Ke5 67. Rg8 c3 68. Rxg5+ Kd4 69. Rg8 Rh1 70. Kg2 Ra1 71. Rc8 Ke5 72. Rxc3
d4 73. Rf3 Ke4 74. h6 d3 75. Rxd3 Kf4 76. Rd8 Ra7 77. Rg8 e5 78. g5 e4 79. g6
Ra2+ 80. Kh3 Ra3+ 81. Kh4 1-0

[Event "VII Festival A"]
[Site "Amantea ITA"]
[Date "2009.09.03"]
[Round "4"]
[White "Colucci, Pasquale"]
[Black "Fabiano, Giuseppe"]
[Result "0-1"]
[WhiteElo "1946"]
[BlackElo "2245"]
[PlyCount "42"]
[EventDate "2009.08.31"]

1. e4 c5 2. c3 e6 3. d4 d5 4. exd5 exd5 5. Nf3 Nc6 6. Be2 Bd6 7. O-O Nge7 8.
dxc5 Bxc5 9. Nbd2 O-O 10. Nb3 Bb6 11. Nbd4 Nf5 12. Nxf5 Bxf5 13. Bg5 Qd7 14.
Qd2 f6 15. Bf4 Rad8 16. Rfe1 d4 17. Nxd4 Bxd4 18. cxd4 Nxd4 19. Bc4+ Kh8 20.
Rad1 Bg4 21. Rc1 Qf5 0-1

[Event "VII Festival A"]
[Site "Amantea ITA"]
[Date "2009.09.02"]
[Round "4"]
[White "Del Noce, Roberto"]
[Black "Marchadour, Emilie"]
[Result "0-1"]
[WhiteElo "1857"]
[BlackElo "2047"]
[PlyCount "118"]
[EventDate "2009.08.31"]

1. e4 c5 2. Nf3 e6 3. d4 cxd4 4. Nxd4 Nc6 5. c3 Qc7 6. Be3 Nf6 7. Nd2 d5 8. Bd3
a6 9. f4 dxe4 10. Bxe4 Bd6 11. O-O Ne7 12. Qf3 Ned5 13. Bxd5 Nxd5 14. Ne4 Be7
15. Bd2 Bd7 16. Rae1 O-O 17. Qh5 Nf6 18. Nxf6+ Bxf6 19. Kh1 Qc4 20. Rf3 Bxd4
21. cxd4 Qc2 22. Bc3 Bc6 23. Rg3 Bd5 24. Qg5 Qg6 25. Qh4 Qf5 26. Re5 Qb1+ 27.
Be1 Rac8 28. Qh6 g6 29. Rh3 Rfd8 30. Qxh7+ Kf8 31. Qh4 Qxb2 32. Qg5 Ke8 33.
Rh8+ Kd7 34. Rxd5+ exd5 35. Qxd5+ Kc7 36. Qe5+ Kd7 37. Rxd8+ Kxd8 38. Ba5+ b6
39. Qd6+ Ke8 40. Qe5+ Kf8 41. Qh8+ Ke7 42. Qe5+ Kd7 43. Qd5+ Kc7 44. Be1 Qe2
45. Qe5+ Qxe5 46. dxe5 Kd7 47. Kg1 Rc2 48. a3 a5 49. h3 Ra2 50. Bf2 Kc6 51. g4
Rxa3 52. Kg2 Rd3 53. h4 a4 54. h5 gxh5 55. gxh5 a3 56. h6 Rd8 57. Bh4 Rh8 58.
Bf6 Rxh6 59. Bg7 Rg6+ 0-1

[Event "VII Festival A"]
[Site "Amantea ITA"]
[Date "2009.09.03"]
[Round "4"]
[White "Delorme, Axel"]
[Black "Scotti, Umberto"]
[Result "1-0"]
[WhiteElo "2434"]
[BlackElo "2176"]
[PlyCount "59"]
[EventDate "2009.08.31"]

1. e4 c5 2. Nf3 e6 3. d4 cxd4 4. Nxd4 a6 5. Bd3 Nc6 6. Nxc6 dxc6 7. O-O e5 8.
Nd2 Nf6 9. Nc4 Qc7 10. Be3 Be6 11. Bb6 Qb8 12. a4 Nd7 13. Be3 Bc5 14. Bxc5 Nxc5
15. Nb6 Ra7 16. a5 O-O 17. Qd2 Nd7 18. Bc4 Nxb6 19. axb6 Ra8 20. Bxe6 fxe6 21.
Qd7 Qc8 22. Qd6 Rd8 23. Qxe5 Qd7 24. Ra3 Qd4 25. Qxe6+ Kh8 26. Rb3 Re8 27. Qf7
Rxe4 28. Qxb7 Rae8 29. Qxc6 Re1 30. g3 1-0

[Event "VII Festival A"]
[Site "Amantea ITA"]
[Date "2009.09.03"]
[Round "4"]
[White "Duhayon, Yves"]
[Black "Rotunno, Giuseppe"]
[Result "1-0"]
[WhiteElo "2256"]
[BlackElo "1973"]
[PlyCount "85"]
[EventDate "2009.08.31"]

1. d4 d5 2. Nf3 Nf6 3. c4 c6 4. Qc2 e6 5. Bg5 Nbd7 6. e3 Be7 7. Nc3 O-O 8. Rd1
Qa5 9. Bd3 dxc4 10. Bxh7+ Nxh7 11. Bxe7 Re8 12. Bd6 Ng5 13. Nd2 b5 14. O-O e5
15. dxe5 Nxe5 16. Bxe5 Rxe5 17. f4 Nh3+ 18. gxh3 Rxe3 19. Nf3 Bxh3 20. Rf2 Qb6
21. Ng5 Bg4 22. Qh7+ Kf8 23. Rd6 Ke7 24. Nd5+ cxd5 25. Rxb6 axb6 26. Qxg7 Bh5
27. Qh6 Bg4 28. Qxb6 Re1+ 29. Rf1 Rxf1+ 30. Kxf1 Rd8 31. Nxf7 Rf8 32. Qc7+ Kf6
33. Ng5 Kg6 34. Qh7+ Kf6 35. Kf2 d4 36. Kg3 Be2 37. Qh6+ Ke7 38. Qe6+ Kd8 39.
Qxe2 Re8 40. Nf7+ Kd7 41. Ne5+ Kd6 42. Qe4 Rg8+ 43. Kf3 1-0

[Event "VII Festival A"]
[Site "Amantea ITA"]
[Date "2009.09.03"]
[Round "4"]
[White "Estremera Panos, Sergio"]
[Black "Levin, Felix"]
[Result "1/2-1/2"]
[WhiteElo "2394"]
[BlackElo "2491"]
[PlyCount "20"]
[EventDate "2009.08.31"]

1. d4 Nf6 2. c4 e6 3. Nc3 Bb4 4. e3 O-O 5. Bd3 d5 6. Nf3 c5 7. O-O dxc4 8. Bxc4
Nbd7 9. Qe2 b6 10. dxc5 Bxc3 1/2-1/2

[Event "VII Festival A"]
[Site "Amantea ITA"]
[Date "2009.09.03"]
[Round "4"]
[White "Fox, Pierre"]
[Black "Doleschal, Johannes"]
[Result "0-1"]
[WhiteElo "1796"]
[BlackElo "2014"]
[PlyCount "92"]
[EventDate "2009.08.31"]

1. d4 Nf6 2. c4 e6 3. Nc3 Bb4 4. g3 O-O 5. Bg2 d5 6. Nf3 Ne4 7. Qc2 Nc6 8. O-O
f5 9. Bf4 Nxc3 10. bxc3 Bd6 11. Bg5 Be7 12. cxd5 exd5 13. Bf4 Na5 14. Ne5 c6
15. c4 dxc4 16. Nxc4 Be6 17. Nxa5 Qxa5 18. Rfb1 Qa6 19. e3 Rac8 20. Bf1 b5 21.
a4 Qb6 22. Qd2 a6 23. axb5 axb5 24. Ra5 Ra8 25. Rba1 Rxa5 26. Rxa5 Bd5 27. Bd3
Bd8 28. Ra1 Bc7 29. Bg5 h6 30. Bf4 Bxf4 31. gxf4 g6 32. Bf1 Kg7 33. Be2 Rf7 34.
f3 Ra7 35. Qb2 Qb7 36. Kf2 Qa8 37. Rg1 Ra2 38. Qb4 Qa3 39. Qb1 Bc4 40. Re1 Rb2
41. Qd1 Qa2 42. d5 cxd5 43. Qd4+ Kf7 44. e4 Rxe2+ 45. Rxe2 Qxe2+ 46. Kg3 Qe1+
0-1

[Event "VII Festival A"]
[Site "Amantea ITA"]
[Date "2009.09.03"]
[Round "4"]
[White "Gad, Ahmad"]
[Black "Cordi', Domenico"]
[Result "1/2-1/2"]
[WhiteElo "1956"]
[BlackElo "2060"]
[PlyCount "58"]
[EventDate "2009.08.31"]

1. e4 c5 2. Nf3 d6 3. d4 cxd4 4. Nxd4 Nf6 5. Nc3 a6 6. f4 e6 7. Be3 Be7 8. Qf3
Qc7 9. Bd3 Nc6 10. O-O Bd7 11. Kh1 Nxd4 12. Bxd4 Bc6 13. Qg3 Bf8 14. a4 h5 15.
h3 h4 16. Qe3 Nh5 17. Kh2 Be7 18. a5 Ng3 19. Rf2 Rg8 20. Bb6 Qd7 21. f5 exf5
22. exf5 Kf8 23. f6 Bxf6 24. Rxf6 gxf6 25. Qh6+ Rg7 26. Qh8+ Rg8 27. Qh6+ Rg7
28. Qh8+ Rg8 29. Qh6+ Rg7 1/2-1/2

[Event "VII Festival A"]
[Site "Amantea ITA"]
[Date "2009.09.03"]
[Round "4"]
[White "Garofalo, Massimo"]
[Black "Hajenius, Willem"]
[Result "1/2-1/2"]
[WhiteElo "1996"]
[BlackElo "2025"]
[PlyCount "118"]
[EventDate "2009.08.31"]

1. e4 c5 2. Nf3 Nc6 3. d4 cxd4 4. Nxd4 Nf6 5. Nc3 e6 6. a3 Be7 7. Be2 O-O 8.
O-O d5 9. exd5 Nxd5 10. Nxc6 bxc6 11. Na4 Qc7 12. Bf3 Ba6 13. Be2 Bb7 14. c4
Nf6 15. Bf3 Rfd8 16. Qe2 Ba6 17. Be3 Nd5 18. Bc5 Nf4 19. Qc2 Bf6 20. Rfe1 Rab8
21. Rab1 e5 22. Nc3 Nd3 23. Ne4 Bc8 24. Nxf6+ gxf6 25. Be3 Nxe1 26. Rxe1 f5 27.
Bg5 Re8 28. Bf6 Qd6 29. Bg5 Qg6 30. Bd2 e4 31. Bf4 Rb7 32. Bd1 c5 33. Re3 Qf6
34. Rg3+ Kf8 35. Qd2 Qd4 36. Bd6+ Ree7 37. Qxd4 cxd4 38. b4 f4 39. Rg5 f6 40.
Rc5 Be6 41. Ba4 Kf7 42. Bc6 e3 43. Bxf4 e2 44. Bd2 Bxc4 45. Be1 d3 46. f3 d2
47. Bxd2 e1=Q+ 48. Bxe1 Rxe1+ 49. Kf2 Re2+ 50. Kg3 Rb8 51. Rxc4 Rg8+ 52. Kf4
Rgxg2 53. Bd5+ Ke7 54. h3 Rh2 55. Kg4 Reg2+ 56. Kh4 Kd6 57. Be4 Ra2 58. Rc6+
Ke5 59. Rc5+ Kd6 1/2-1/2

[Event "VII Festival A"]
[Site "Amantea ITA"]
[Date "2009.09.03"]
[Round "4"]
[White "Gromovs, Sergejs"]
[Black "Valguarnera, Girolamo"]
[Result "1-0"]
[WhiteElo "2339"]
[BlackElo "2151"]
[PlyCount "94"]
[EventDate "2009.08.31"]

1. d4 Nf6 2. c4 c5 3. d5 e6 4. Nc3 exd5 5. cxd5 d6 6. e4 g6 7. Bg5 Bg7 8. Nf3
O-O 9. Nd2 Re8 10. Be2 a6 11. a4 Qc7 12. O-O Nbd7 13. f4 b6 14. Qe1 h6 15. Bh4
Bb7 16. Qg3 c4 17. Bxc4 Qc5+ 18. Kh1 Rac8 19. Bb3 Qb4 20. e5 Nh5 21. Qh3 Nc5
22. Bc4 dxe5 23. fxe5 b5 24. axb5 axb5 25. e6 fxe6 26. Bd3 Nxd3 27. Qxd3 Qxh4
28. Qxg6 Qg5 29. Qf7+ Kh8 30. Nf3 Qg4 31. Qxb7 b4 32. Ne2 exd5 33. Qb5 Bxb2 34.
Rab1 Rg8 35. g3 Qh3 36. Nfg1 Qg4 37. Rxb2 Qe4+ 38. Nf3 b3 39. Qxb3 Rb8 40. Qc3+
d4 41. Nexd4 Rbc8 42. Qe1 Qxe1 43. Rxe1 Rgf8 44. Rb7 Rb8 45. Ree7 Rxb7 46. Rxb7
Ng7 47. g4 Ra8 1-0

[Event "VII Festival A"]
[Site "Amantea ITA"]
[Date "2009.09.03"]
[Round "4"]
[White "Licciulli, Fabio"]
[Black "Scerbo, Antonio"]
[Result "0-1"]
[WhiteElo "1937"]
[BlackElo "2086"]
[PlyCount "52"]
[EventDate "2009.08.31"]

1. d4 Nf6 2. c4 g6 3. Nc3 Bg7 4. e4 d6 5. Bd3 O-O 6. Nge2 e5 7. d5 Nbd7 8. Bg5
h6 9. Bxf6 Nxf6 10. b4 Nh5 11. c5 Nf4 12. g3 Nh3 13. Rc1 a6 14. cxd6 cxd6 15.
Qd2 f5 16. Ng1 Nxf2 17. Qxf2 fxe4 18. Qe3 exd3 19. Qxd3 Qg5 20. Rc2 Bf5 21. Ne4
Qg4 22. Rc4 Bxe4 23. Rxe4 Qf5 24. Qe3 Qf1+ 25. Kd2 Rac8 26. Qe1 Qg2+ 0-1

[Event "VII Festival A"]
[Site "Amantea ITA"]
[Date "2009.09.03"]
[Round "4"]
[White "Maiorov, Nikita"]
[Black "Schacher, Gerd"]
[Result "1/2-1/2"]
[WhiteElo "2513"]
[BlackElo "2318"]
[PlyCount "120"]
[EventDate "2009.08.31"]

1. d4 f5 2. c4 Nf6 3. Nf3 g6 4. g3 Bg7 5. Bg2 O-O 6. O-O d6 7. Nc3 Qe8 8. d5
Na6 9. Rb1 Bd7 10. b4 c6 11. dxc6 bxc6 12. a3 Nc7 13. Bb2 Ne6 14. c5 d5 15. Na2
a5 16. Nc1 axb4 17. axb4 Bc8 18. Nd3 Ba6 19. Qc2 Qd7 20. Rfd1 Bb5 21. Ra1 Qb7
22. Bc3 Rxa1 23. Rxa1 Ra8 24. Qb2 Ra6 25. Bf1 Qa8 26. Rxa6 Qxa6 27. Be5 Bc4 28.
Qa1 Qxa1 29. Bxa1 Bxd3 30. exd3 Nd7 31. d4 Nc7 32. Nd2 Nb8 33. Nb3 Nb5 34. Kg2
Na6 35. Bc3 Nxc5 36. Bxb5 Nxb3 37. Bxc6 Nxd4 38. Bxd5+ e6 39. Bc4 Kf7 40. f4
Nc2 41. Bd2 Bf8 42. b5 Bc5 43. Bd3 Ne3+ 44. Kf3 Nd5 45. Bc4 Ke7 46. Ke2 Kd6 47.
Bc1 Bg1 48. Ba3+ Kc7 49. h3 Kb6 50. Bf8 h5 51. Kf3 Bc5 52. Bg7 Bg1 53. Be5 Kc5
54. Bd3 Bd4 55. Bb8 Kb6 56. g4 hxg4+ 57. hxg4 Nc7 58. Bc4 Nxb5 59. Bxe6 Kb7 60.
Bd7 Kxb8 1/2-1/2

[Event "VII Festival A"]
[Site "Amantea ITA"]
[Date "2009.09.03"]
[Round "4"]
[White "Mrdja, Milan"]
[Black "Damia, Angelo"]
[Result "1-0"]
[WhiteElo "2418"]
[BlackElo "2291"]
[PlyCount "75"]
[EventDate "2009.08.31"]

1. e4 c5 2. Nf3 Nc6 3. d4 cxd4 4. Nxd4 Nf6 5. Nc3 d6 6. Bg5 e6 7. Qd2 a6 8.
O-O-O Be7 9. f4 h6 10. Bh4 g5 11. fxg5 Ng4 12. Nf3 Nge5 13. Kb1 Nxf3 14. gxf3
hxg5 15. Bg3 Ne5 16. Be2 Bd7 17. h4 gxh4 18. f4 Nc6 19. Bf2 Qa5 20. Qe1 h3 21.
Qg1 h2 22. Rxh2 Rxh2 23. Qxh2 Bf6 24. e5 Be7 25. Ne4 O-O-O 26. Be1 Qb6 27.
Nxd6+ Bxd6 28. Rxd6 Rg8 29. Bf2 Qa5 30. Qh7 Rg2 31. Qh8+ Kc7 32. Qh4 Qa4 33.
Bd3 Rg8 34. a3 Qa5 35. Be3 f6 36. Qf2 Qa4 37. Bb6+ Kc8 38. exf6 1-0

[Event "VII Festival A"]
[Site "Amantea ITA"]
[Date "2009.09.03"]
[Round "4"]
[White "Naumkin, Igor"]
[Black "Calzetta Ruiz, Monica"]
[Result "1-0"]
[WhiteElo "2481"]
[BlackElo "2344"]
[PlyCount "65"]
[EventDate "2009.08.31"]

1. d4 Nf6 2. Nf3 c5 3. d5 b5 4. Bg5 Ne4 5. Bh4 Bb7 6. Qd3 f5 7. g4 Na6 8. gxf5
Nb4 9. Qxe4 Bxd5 10. Qe5 Bxf3 11. exf3 Nxc2+ 12. Kd1 Nxa1 13. Bxb5 Qb8 14. Qxc5
e5 15. Qd5 Qd6 16. Nc3 Rc8 17. Re1 Qxd5+ 18. Nxd5 Bd6 19. Nc3 Rc7 20. Kd2 O-O
21. Rxa1 Rxf5 22. Bd3 Rxf3 23. Nb5 Rc6 24. Be4 Bb4+ 25. Ke2 Rh3 26. Bg3 Rc5 27.
Nd6 Rh6 28. Rd1 Kf8 29. a3 Rxd6 30. Rxd6 Rc2+ 31. Bxc2 Bxd6 32. Bxh7 Kf7 33.
Bf5 1-0

[Event "VII Festival A"]
[Site "Amantea ITA"]
[Date "2009.09.03"]
[Round "4"]
[White "Nikolova, Adriana"]
[Black "Efimov, Igor"]
[Result "1/2-1/2"]
[WhiteElo "2316"]
[BlackElo "2433"]
[PlyCount "60"]
[EventDate "2009.08.31"]

1. e4 c5 2. Nf3 e6 3. d4 cxd4 4. Nxd4 a6 5. Bd3 Nc6 6. Nb3 Nf6 7. Qe2 Qc7 8.
Nc3 b5 9. O-O Be7 10. f4 d6 11. a4 b4 12. Nd1 O-O 13. Bd2 a5 14. Ne3 d5 15. e5
Ne4 16. Ng4 Ba6 17. Be3 Qc8 18. Rf3 f5 19. exf6 Nxf6 20. Ne5 Nxe5 21. fxe5 Nd7
22. Rxf8+ Nxf8 23. Nd4 Bxd3 24. cxd3 Qd7 25. Nb5 Ng6 26. Bd4 Rc8 27. Na7 Bc5
28. Nb5 Bxd4+ 29. Nxd4 h6 30. Re1 Kh7 1/2-1/2

[Event "VII Festival A"]
[Site "Amantea ITA"]
[Date "2009.09.03"]
[Round "4"]
[White "Oschetzki, Stefan"]
[Black "Voiska, Margarita"]
[Result "1/2-1/2"]
[WhiteElo "2178"]
[BlackElo "2332"]
[PlyCount "107"]
[EventDate "2009.08.31"]

1. e4 g6 2. d4 Bg7 3. Nc3 d6 4. Be3 a6 5. a4 b6 6. Nf3 Bb7 7. Bd3 Nd7 8. Qd2 h6
9. O-O e6 10. Ne1 Ngf6 11. h3 c5 12. d5 exd5 13. exd5 Qc7 14. Nf3 Nxd5 15. Rfe1
Nxe3 16. Rxe3+ Ne5 17. Be4 O-O 18. Nd5 Bxd5 19. Qxd5 Rae8 20. Rae1 Kh7 21. Nxe5
Rxe5 22. Qc4 Rfe8 23. c3 f5 24. Bd5 Rxe3 25. Rxe3 Rxe3 26. fxe3 Qe7 27. Bg8+
Kh8 28. Qe6 Qxe6 29. Bxe6 b5 30. axb5 axb5 31. Kf2 Be5 32. Ke2 Kg7 33. Kd3 Kf6
34. Bd7 b4 35. cxb4 cxb4 36. b3 Bc3 37. Ke2 Ke5 38. Kd3 Bb2 39. Bc8 Bc1 40. Bd7
d5 41. Bc8 h5 42. Bd7 g5 43. Be8 h4 44. Bd7 Bb2 45. Bc8 Bc3 46. Bd7 Be1 47. Bc8
Bf2 48. Bd7 d4 49. exd4+ Bxd4 50. Ke2 Kf4 51. Kf1 g4 52. Bc8 Be3 53. Bd7 Bc5
54. Bc8 1/2-1/2

[Event "VII Festival A"]
[Site "Amantea ITA"]
[Date "2009.09.03"]
[Round "4"]
[White "Santagati, Alessandro"]
[Black "Astanovskaya, Yulia"]
[Result "1-0"]
[WhiteElo "2147"]
[BlackElo "1910"]
[PlyCount "85"]
[EventDate "2009.08.31"]

1. d4 d5 2. Nf3 e6 3. c3 c5 4. e3 Nf6 5. Nbd2 Bd6 6. Ne5 O-O 7. f4 c4 8. Qf3 b5
9. g4 Bb7 10. g5 Ne4 11. Nxe4 dxe4 12. Qg3 Bxe5 13. fxe5 Nc6 14. Bg2 Ne7 15.
O-O Nd5 16. Rf2 Rb8 17. Bd2 a5 18. a3 b4 19. axb4 axb4 20. cxb4 Qb6 21. Bxe4
Nxb4 22. Bxb7 Qxb7 23. Bxb4 Qxb4 24. e4 Ra8 25. Rxa8 Rxa8 26. Qf3 Qb7 27. d5
Qe7 28. h4 Rf8 29. d6 Qb7 30. h5 Qb6 31. Kg2 Qd8 32. Qg4 Kh8 33. Qg3 Qb8 34.
Qf4 Qb7 35. Kg3 Qb3+ 36. Qf3 Qb5 37. Qc3 Qc6 38. Qd4 Kg8 39. Rc2 Rc8 40. d7 Rd8
41. Rxc4 Qb7 42. Rc8 Rxc8 43. d8=Q+ 1-0

[Event "VII Festival A"]
[Site "Amantea ITA"]
[Date "2009.09.03"]
[Round "4"]
[White "Serratore, Vincenzo"]
[Black "Arnetta, Maria Teresa"]
[Result "0-1"]
[WhiteElo "1912"]
[BlackElo "2031"]
[PlyCount "94"]
[EventDate "2009.08.31"]

1. d4 d5 2. Nf3 Nf6 3. e3 c5 4. c3 e6 5. Bd3 Nc6 6. Nbd2 Bd6 7. Qe2 Qc7 8. h3
h6 9. dxc5 Bxc5 10. Nb3 Bd6 11. Bd2 e5 12. Bc2 a5 13. a3 b6 14. Ng1 a4 15. Nc1
e4 16. Qd1 b5 17. Nge2 Ne5 18. Nd4 Bd7 19. Qe2 Rb8 20. Na2 Nc4 21. Bc1 O-O 22.
Nb4 Rb6 23. O-O Qc8 24. f4 Bxb4 25. axb4 Nd6 26. Bd2 Nf5 27. Be1 Nxd4 28. cxd4
Ne8 29. Bc3 Nd6 30. Rae1 Nc4 31. Kh2 Rc6 32. Rf2 a3 33. Bb3 axb2 34. Bxb2 Qb7
35. Qh5 Rd6 36. f5 Qc7 37. Rf4 Rf6 38. g4 Nxb2 39. Bxd5 Nd3 40. Ref1 Nxf4 41.
Rxf4 Bc6 42. Bb3 Qd6 43. Bd1 Qxb4 44. g5 Qd2+ 45. Be2 hxg5 46. Rf2 Qxe3 47. Rg2
Rxf5 0-1

[Event "VII Festival A"]
[Site "Amantea ITA"]
[Date "2009.09.03"]
[Round "4"]
[White "Van Asseldonk, Paul"]
[Black "Schiappoli, Dario"]
[Result "1-0"]
[WhiteElo "2107"]
[BlackElo "1982"]
[PlyCount "59"]
[EventDate "2009.08.31"]

1. e4 c5 2. Nf3 d6 3. d4 cxd4 4. Nxd4 Nf6 5. Nc3 a6 6. f4 Qc7 7. Bd3 b5 8. Qe2
Nbd7 9. O-O g6 10. Nf3 Bb7 11. Bd2 Bg7 12. Rad1 Nc5 13. b4 Ncd7 14. e5 dxe5 15.
fxe5 Ng4 16. e6 fxe6 17. Ne4 O-O 18. h3 Nge5 19. Nxe5 Nxe5 20. Nc5 Rad8 21. Kh1
Bd5 22. Nxa6 Qc6 23. Nc5 Nc4 24. Bg5 Qd6 25. Be4 Rxf1+ 26. Rxf1 Qe5 27. Bf4 Qc3
28. Bxd5 exd5 29. Qxe7 Rf8 30. Qe6+ 1-0